ホロライブのメンバー - Statistics

General Stats
  • This quiz has been taken 836 times
  • The average score is 26 of 36
Answer Stats
% Correct
0期生 星街すいせい
92%
3期生 宝鐘マリン
87%
0期生 さくらみこ
86%
0期生 ときのそら
84%
1期生 白上フブキ
82%
2期生 大空スバル
82%
3期生 兎田ぺこら
82%
ゲーマーズ 白上フブキ
82%
3期生 白銀ノエル
81%
2期生 湊あくあ
80%
ゲーマーズ 猫又おかゆ
80%
0期生 ロボ子さん
76%
3期生 不知火フレア
75%
0期生 AZKi
75%
6期生 ラプラス・ダークネス
74%
ゲーマーズ 大神ミオ
72%
ゲーマーズ 戌神ころね
72%
1期生 夏色まつり
71%
1期生 アキ・ローゼンタール
70%
4期生 常闇トワ
69%
2期生 紫咲シオン
68%
2期生 百鬼あやめ
68%
2期生 癒月ちょこ
68%
1期生 赤井はあと
67%
5期生 雪花ラミィ
67%
6期生 博衣こより
67%
4期生 天音かなた
66%
5期生 獅白ぼたん
65%
5期生 尾丸ポルカ
65%
6期生 鷹嶺ルイ
65%
6期生 風真いろは
64%
1期生 夜空メル
63%
4期生 角巻わため
63%
5期生 桃鈴ねね
63%
6期生 沙花叉クロヱ
63%
4期生 姫森ルーナ
61%
No matching quizzes found
Score Distribution
Percent of People with Each Score
Percentile by Number Answered
Your Score History
You have not taken this quiz